Microcontroladores MCS-51 y MCS-251 /

Contenido: Estructura básica de un sistema microprocesador; Las familias de microcontroladores de Intel y de otros fabricantes; Arquitectura de las familias MCS-51 y MCS-251; Programación de las familias MCS-51 y MCS-251; El modelo de programación; Las interrupciones; Temporizadores/contadores inter...

Disgrifiad llawn

Wedi'i Gadw mewn:
Manylion Llyfryddiaeth
Prif Awdur: Matas Alcalá, José (autor)
Awduron Eraill: Ramos Lara, Rafael Ramón (autor) (autor)
Fformat: Llyfr
Iaith:Sbaeneg
Cyhoeddwyd: Barcelona, España : Universidad Politécnica de Cataluña, 2001, c2001
Rhifyn:2a edición
Cyfres:(Politext ; 97)
Pynciau:
Tagiau: Ychwanegu Tag
Dim Tagiau, Byddwch y cyntaf i dagio'r cofnod hwn!

MARC

LEADER 00000nam^a2200000^a^4500
001 000146487
005 20250521000000.0
009 20260310095911.823
020 |a 84-8301-573-0 
037 |a Acervo ITESO - Biblioteca 
041 |a ESP 
082 |a 621. 391  |b MAT 
100 |a Matas Alcalá, José  |e (autor) 
245 1 0 |a Microcontroladores MCS-51 y MCS-251 /  |c J. Matas Alcalá, R.R. Ramos Lara. 
250 |a 2a edición 
264 4 |a Barcelona, España :  |b Universidad Politécnica de Cataluña,  |c 2001, c2001 
300 |a 337 p. 
336 |a texto  |b txt  |2 rdacontenido 
337 |a sin mediación  |b n  |2 rdamedio 
338 |a volumen  |b nc  |2 rdasoporte 
440 1 |a (Politext ;  |v 97) 
520 |a Contenido: Estructura básica de un sistema microprocesador; Las familias de microcontroladores de Intel y de otros fabricantes; Arquitectura de las familias MCS-51 y MCS-251; Programación de las familias MCS-51 y MCS-251; El modelo de programación; Las interrupciones; Temporizadores/contadores internos y watchdog; Memoria externa; Puerto de comunicación serie; El array de contadores programables (PCA); Entradas y salidas analógicas; Modos especiales de funcionamiento. 
649 |a XX 
650 |a Microprocesadores 
650 |a Electrónica -  |x Equipo y Aparatos 
650 |a Componentes (Hardware) 
650 |a Arquitectura de Computadoras 
650 |a Computadoras 
650 |a Programación (Software) 
650 |a Microelectrónica 
650 |a Ingeniería Computacional 
650 |a Ingeniería Electrónica 
700 |a Ramos Lara, Rafael Ramón  |e (autor) 
910 |a Fondo General 
920 |a Impresos - Libros 
930 |a Colección General 
905 |a 101 
901 |a 0500075861  |b IT1  |c ACC  |u 20250521 
901 |a 0500107142  |b IT1  |c ACC  |u 20250521 
902 |a https://opac.biblio.iteso.mx/vufind/Record/000146487